000 00628nam a2200205Ia 4500
001 b2964-25214 [4217]
003 IT-MiCISF
008 161014s9999||||xx |||||||||||||| ||und||
040 _aIT-MiCISF
_cIT-MiCISF
041 _ait
100 _aKinder Melvyn
245 0 _aAmiamoci per quello che siamo
250 _a1a ed.
260 _a Milano
_bFrassinelli
_c1993 [Edizione originale: 1990]
300 _app. 283
500 _a / persona, comportamento, cambiamento, psicologia, comportamento-sessuale, relazione-di-coppia, rapporti-interpersonali /
650 _apersona
942 _cBK
957 _71
999 _a25214
_bsi
_g1
_c214454
_d214454